000 01295naa a2200241 a 4500
001 79184
003 BD-RjUL
005 20220115155321.0
008 220115s1958 ii ||||| |||| 00| 0 ara d
035 _a(BD-RjUL)79184
040 _aBD-RjUL
_beng
_cBD-RjUL
041 _aara
082 _223
_a954.0882945
_bBIK 1958
100 1 0 _aBiruni, Mohammed bin Ahmed = بيروني، محمد بن أحمد
_9743
245 _aكتاب البيروني في تحقيق ما للهند من مقولة مقبولة في العقل او مرذولة : صحح عن النسخة القديمة المحفوظة في المكتبة الأهلية بباريس ؛ [مجموعة شيفر رقم 6080] /= Kitab fi Tahqiq-i-Ma lil- hind or al- Biruni's India, /
_cAbu Rayhan Muhammad bin Ahmed Al-Biruni; subsidized by the Ministry = ابو ريحان محمد بن احمد البيروني ؛ باعانة وزارة
300 _axliv, 548+30 p. ;
_c25 cm
490 _adairatu'l Ma'arifil-osmania Publication, New Series ;
_vno. Xi
650 _aHindus
_zIndia
_y Early works to 1800.
_9744
650 _aHindu astrology
_yEarly works to 1800.
_9745
650 _aChronology
_yEarly works to 1800.
_9746
830 _adairatu'l Ma'arifil-osmania Publication, New Series ;
_vno. xi
_9747
942 _2ddc
_cBK
999 _c79184
_d79184